000 00928cam a2200253 4500
001 ABS61378
008 000000n1999 000 0 eng u
035 _a(Sirsi) u100862
100 _aCozens, P.
245 4 _aThe sustainable and the criminogenic: the case of new-build housing projects in Britain
260 _c1999
490 _aProperty Management
_v17(3) 1999, 252-261(5)
520 _aBriefly talks about brownfield development, but concentrates on the subject of the 'social malaise of crime' which the author contends gets neglected. Focuses on the problems that can surface in the design, siting and tenant-allocation of new-build housing developments.
590 _aABS
650 _aSUSTAINABLE DEVELOPMENT
650 _aCRIME
650 _aHOUSE BUILDING
650 _aDESIGN
650 _aBROWNFIELD SITES
690 _aHOUSING
700 _aHillier, D.
700 _aPrescott, G.
942 _n0
999 _c60244
_d60244